| 000 | 00405nam a22001577a 4500 | ||
|---|---|---|---|
| 999 |
_c12026 _d12026 |
||
| 008 | 210118b ||||| |||| 00| 0 eng d | ||
| 082 | 0 | 0 |
_a623.8722 _bF7911 |
| 100 |
_9804 _aFox, W. J. |
||
| 245 | 1 | 0 |
_aMarine steam engines and turbines _cBy W. J. Fox |
| 250 | _a2nd ed. | ||
| 260 |
_aLondon _bNewnes _c1965 |
||
| 300 | _avi,476 p. | ||
| 365 | _d45.00 | ||
| 650 | 0 | _aMarine steam-turbines | |
| 942 | _cBK | ||